मुद्दे की राजनीति: (Record no. 207885)

MARC details
000 -LEADER
fixed length control field 00940nam a22001937a 4500
005 - DATE AND TIME OF LATEST TRANSACTION
control field 20250113150345.0
010 ## - LCCN (DPL NO)
LC control number HIN-129003
020 ## - INTERNATIONAL STANDARD BOOK NUMBER
International Standard Book Number 9789386470393
Terms of availability 200.00
035 ## - SYSTEM CONTROL NUMBER
System control number HN-101349
037 ## - SOURCE OF ACQUISITION
Source of stock number/acquisition DBAD
082 ## - DEWEY DECIMAL CLASSIFICATION NUMBER
Classification number
100 ## - MAIN ENTRY--PERSONAL NAME
Personal name मिश्रा, देवेन्द्र कुमार
245 ## - TITLE STATEMENT
Title मुद्दे की राजनीति:
Statement of responsibility, etc कहानी संग्रह/
Remainder of title देवेन्द्र कुमार मिश्रा
250 ## - EDITION STATEMENT
Edition statement प्रथम
260 ## - PUBLICATION, DISTRIBUTION, ETC. (IMPRINT)
Place of publication, distribution, etc जयपुर
Name of publisher, distributor, etc बोधि प्रकाशन
Date of publication, distribution, etc 2017
270 ## - ADDRESS
Address एफ-77, सेक्टर 9, रोड नं 11, करतारा इंडस्ट्रियल एरिया, बाईस गोदाम,
City जयपुर
Postal code 302006
Telephone number 0141-4041794
Electronic mail address bodhiprakashan@gmail.com
300 ## - PHYSICAL DESCRIPTION
Extent 208पृ.
Dimensions 21सेमी (अजिल्द)
942 ## - ADDED ENTRY ELEMENTS (KOHA)
Source of classification or shelving scheme Dewey Decimal Classification
Item type Hindi Books
Classification part
Call number suffix मिश्रादे
Holdings
Withdrawn status Lost status Not for loan Collection code Home library Current library Date acquired Source of acquisition Cost, normal purchase price Full call number Barcode Copy number Cost, replacement price Koha item type
      Fiction Kadipur Kadipur 20/12/2024 DBAD 200.00 क मिश्रादे HN-101349 1 200.00 Hindi Books

© Delhi Public Library
Hit Counter
free hit counter